00837 2200313 4500001002100000005001500021035002000036007000300056040001700059100003400076245004400110250001700154300003800171020002200209041000800231082001000239084001600249090002200265264003300287336002100320337003000341338002300371650001200394850001000406008004100416990002200457990002200479990002200501INLIS00000000000717020260603110116 a0010-0822000144ta aSBPUPADbind0 aSheila GondowijoyoePengarang1 aMasak Tanpa Ribet /cSheila Gondowijoyo a.-Ed.1.Cet.1 axviiii,158 Hlm :billus. ;c21 cm a978-623-01-0838-90 aind a641.5 a641.5 SHE m a641.5 SHE m L20-8 a.--yogyakarta :bAndi,c2020 2rdacontentateks 2rdamediaatanpa perantara 2rdacarrieravolume 4aMasakan aPUPAD260603 0  a36.294/B/DPK/2020 a36.296/B/DPK/2020 a36.295/B/DPK/2020